00000000nam 2200000zi 4500
0019.945283
003CaOODSP
00520241121094721
006m     o  d f      
007cr mn|||||||||
008241118s1972    oncd    ob   f000 0 eng d
040 |aCaOODSP|beng|erda|cCaOODSP
043 |an-cn---
0861 |aCo41-1/7ABE-PDF|zCo41-1/7AB
24500|aRegulatory bodies : |bstructures and roles.
264 1|aOttawa : |bDepartment of Communications, |c1972.
300 |a1 online resource (129 pages) : |bchart.
336 |atext|btxt|2rdacontent
337 |acomputer|bc|2rdamedia
338 |aonline resource|bcr|2rdacarrier
4901 |aTelecommission study ; |v7(a)(b)
500 |aIssued also in French under title: Structure et rôle des organismes de réglementation des télécommunications.
500 |aDigitized edition from print [produced by Innovation, Science and Economic Development Canada].
504 |aIncludes bibliographical references.
650 0|aTelecommunication policy|zCanada.
650 0|aIndependent regulatory commissions|zCanada.
7101 |aCanada. |bDepartment of Communications, |eissuing body.
77508|tStructure et rôle des organismes de réglementation des télécommunications.|w(CaOODSP)9.945284
830#0|aTelecommission study ;|v7(a)(b).|w(CaOODSP)9.927947
85640|qPDF|s1.56 MB|uhttps://publications.gc.ca/collections/collection_2024/isde-ised/co41-1/Co41-1-7AB-eng.pdf